Menudju rehabilitasi dan stabilisasi ekonomi Indonesia. (Record no. 89396)

MARC details
000 -LEADER
fixed length control field 00626cam a22002291 4500
001 - CONTROL NUMBER
control field sa 68020392
003 - CONTROL NUMBER IDENTIFIER
control field DLC
005 - DATE AND TIME OF LATEST TRANSACTION
control field 20260227112724.0
008 - FIXED-LENGTH DATA ELEMENTS--GENERAL INFORMATION
fixed length control field 741213s1967 xx 000 0 ind
010 ## - LIBRARY OF CONGRESS CONTROL NUMBER
LC control number sa 68020392
035 ## - SYSTEM CONTROL NUMBER
System control number (OCoLC)1110095
040 ## - CATALOGING SOURCE
Original cataloging agency DLC
Transcribing agency OAU
Modifying agency WU
-- DLC
042 ## - AUTHENTICATION CODE
Authentication code premarc
050 00 - LIBRARY OF CONGRESS CALL NUMBER
Classification number HC447
Item number .S5844
100 1# - MAIN ENTRY--PERSONAL NAME
Personal name Soekirman, Djoko Sanjoto.
245 10 - TITLE STATEMENT
Title Menudju rehabilitasi dan stabilisasi ekonomi Indonesia.
260 ## - PUBLICATION, DISTRIBUTION, ETC.
Place of publication, distribution, etc. [Djakarta]
Date of publication, distribution, etc. 1967.
300 ## - PHYSICAL DESCRIPTION
Extent 35 p.
Dimensions 29 cm.
500 ## - GENERAL NOTE
General note Cover title.
651 #0 - SUBJECT ADDED ENTRY--GEOGRAPHIC NAME
Geographic name Indonesia
General subdivision Economic conditions.
651 #0 - SUBJECT ADDED ENTRY--GEOGRAPHIC NAME
Geographic name Indonesia
General subdivision Economic policy.

No items available.

Powered by Koha